00912nam a22002777a 45000010005000000030009000050050017000140070005000310080032000360200018000680400022000860820028001081000036001362450059001722600035002313000022002664900045002885900026003336500021003596500024003806500024004049100050004289420012004789520129004909990015006190074DO-SdBNP20230703123644.00074151116b2009 sp 00| 0 spa d a9788497643658 aBPMSUbspacBPMSU 4a823.91 bD754a 20092221 aConan Doyle, Arthur,41859-193014aLas aventuras de Sherloch Holmes /cArthur Conan Doyle aMadrid :bEdimat Libros,c2009 a188 p. ;c19 cm.0 aClásicos de la literatura ;aNarrativa 6Inventariado, 2023/VM 4aNovela inglesa  4aNovela de aventuras 4aLiteratura inglesa  aBTavarez/VMateo V. Control de calidad (BPMSU) 2ddccBK 00102ddc4070aBPMETbBPMETd2015-11-16eDonaciónoBPMSU CG 823.91 D754a 2009pBPMSU15110287r2015-11-16w2015-11-16yBK c8729d8729